MARC

LEADER 00000nam0a2200000 4500
001 123617
005 20231101215821.0
035 |a (RuTPU)RU\TPU\book\133801 
090 |a 123617 
100 |a 20071022d1964 k y0rusy50 ca 
101 0 |a rus 
102 |a RU 
105 |a a z 001zy 
200 1 |a Парагенетические типы гранатов  |f Н. В. Соболев  |g Академия наук СССР (АН СССР), Сибирское отделение (СО), Институт геологии и геофизики (ИГиГ) 
210 |a Москва  |c Наука  |d 1964 
215 |a 218 с.  |c ил. 
320 |a Библиогр.: с. 203-216. 
606 1 |a Гранат  |x Минералогия  |2 stltpush  |3 (RuTPU)RU\TPU\subj\72323  |9 85884 
610 1 |a парагенетические типы 
610 1 |a гранаты 
610 1 |a методика 
675 |a 549.62  |v 3 
700 1 |a Соболев  |b Н. В.  |g Николай Владимирович 
712 0 2 |a Академия наук СССР (АН СССР)  |b Сибирское отделение (СО)  |b Институт геологии и геофизики (ИГиГ)  |c (Новосибирск)  |2 stltpush  |3 (RuTPU)RU\TPU\col\128 
801 1 |a RU  |b 63413507  |c 20071022  |g PSBO 
801 2 |a RU  |b 63413507  |c 20140521  |g PSBO 
942 |c BK